| 000 | 00631nam a2200205 i 4500 | ||
|---|---|---|---|
| 001 | 110635 | ||
| 003 | ES-MaACL | ||
| 005 | 20251122063120.0 | ||
| 007 | t| | ||
| 008 | 070206s1918 sp ||||1| spa d | ||
| 080 | _a821.134.2-32"18" | ||
| 100 | 1 |
_aOrtega Munilla, José, _d1856-1922 _987477 |
|
| 245 | 1 | 3 |
_aLa princesa de Eboli _b: novela inédita / _cpor J. Ortega Munilla. |
| 260 |
_a[Madrid : _bLa Novela Corta, _c1918] |
||
| 300 |
_a[20] p. ; _c20 cm. |
||
| 490 | 1 |
_aLa novela corta ; _v141 |
|
| 830 | 0 |
_aLa novela corta ; _v141 _9182142 |
|
| 852 |
_aES-MaACL _j2213-F-49 _bR.138657 |
||
| 999 |
_c110635 _d110635 |
||